Хагацал учрал (Бичлэгийн дугаар. 1145190)

MARC дэлгэрэнгүй
000 -Удирдлага
Ном зүйн бүртгэл тоо буюу кодлох утгыг агуулсан 00577nam a22001937a 4500
003 - ХЯНАЛТЫН ТОО ТОДОРХОЙЛОГЧ
Код MN-UlNLM
005 - ХАМГИЙН СҮҮЛИЙН ҮЕИЙН ХЭЛЦЛИЙН ОГНОО БА ЦАГ
Тухайн бичилтийг бичсэн засварласан сүүлийн огноо. 20241015105838.0
008 - ЕРӨНХИЙ МЭДЭЭЛЭЛ-ЭЛЕМЕНТҮҮДИЙН ӨГӨГДЛИЙН УРТ
fixed length control field 240920s2021 mp ||||| |||| 00| 0 mon d
020 ## - ОЛОН УЛСЫН СТАНДАРТ НОМЫН ДУГААР-ISBN
Олон Улсын Стандарт Номын Дугаар 9789919258900
040 ## - ЭХ СУРВАЛЖИЙГ ТОДОРХОЙЛОН БИЧИХ
Каталогийн хэл Монгол
084 ## - БУСАД АНГИЛЛЫН ДУГААР
Ангиллын нэр Номын сан номзүйн ангилал
Анги 84(5Мон)-44
Зохиогчийн 3-н тэмдэгт З-271
Шинжлэх ухааны мэдлэгийн салбар Уран зохиол - 84
100 1# - ЗОХИОГЧИЙН ХЭСЭГ
Зохиогчийн нэр Зандраабайдий Х.
245 1# - ҮНДСЭН ГАРЧИГ
Гарчиг Хагацал учрал
Гарчигт хамааралтай мэдээ Хоймсон роман
Оролцогчдын тухай мэдээ Ред. С.Лочин
-- Зөвл. Ш.Энхбаяр
260 1# - ГАРАЛТЫН ТУХАЙ МЭДЭЭ
Хэвлэгдсэн газар УБ
Хэвлэлийн газар Жиком пресс
Хэвлэгдсэн он 2021
300 ## - ТООНЫ МЭДЭЭ
Хуудасны тоо 292х
546 ## - ХЭЛНИЙ ТУХАЙ МЭДЭЭ
Хэл mon
650 ## - Сэдэв
Сэдэв Уран зохиол
942 ## - ЭЛЕМЕНТИЙН ТӨРӨЛ
Төрөл Ном
Захиалгууд
Буцаан татагдсан төлөв Хасагдсан шалтгаан Гэмтсэн төлөв Данс заагч Захиалах боломжгүй Үндсэн номын сан Одоогийн байршил Салбар танхим Салбар танхим Бүртгэсэн огноо Бүрдүүлэлтийн эх үүсвэр Тавиурын заалт Баркод Үнэ Хамгийн сүүлд байсан огноо Нийт уншлаганд гарсан тоо Дансны дугаар Ангиллын нэр Фактур мөрийн дугаар Төрөл
          МУҮНомын сан салбар МУҮНомын сан салбар МУҮНС салбар | Язгуур танхим 8 давхар МУҮНС салбар | Язгуур танхим 8 давхар 2024-11-04 Худалдан авсан 84(5Мон)-44 З-271 006000098857 10000.00 2024-11-04   98857     Ном
          МУҮНомын сан салбар МУҮНомын сан салбар МУҮНС салбар | Язгуур танхим 8 давхар МУҮНС салбар | Язгуур танхим 8 давхар 2024-11-04 Худалдан авсан 84(5Мон)-44 З-271 006000098858 10000.00 2024-11-04   98858     Ном
          МУҮНомын сан салбар МУҮНомын сан салбар МУҮНС салбар | Язгуур танхим 8 давхар МУҮНС салбар | Язгуур танхим 8 давхар 2024-11-04 Худалдан авсан 84(5Мон)-44 З-271 006000098859 10000.00 2024-11-04   98859     Ном
        Албан хэрэгцээнд МУҮндэсний Номын сан МУҮндэсний Номын сан МУҮНС төв | Архив фонд төв байр МУҮНС төв | Архив фонд төв байр 2024-09-20 Худалдан авсан 84(5Мон)-44 З-271 003110043631 10000.00 2024-09-20   43631 Номын сан номзүйн ангилал 240524.00 Ном
          МУҮндэсний Номын сан МУҮндэсний Номын сан МУҮНС төв | Ойр фонд МУҮНС төв | Ойр фонд 2024-11-04 Худалдан авсан 84(5Мон)-44 З-271 006000098856 10000.00 2024-11-04   98856     Ном